Normal view
MARC view
- Schultz, John R.
Entry Personal Name
001 - CONTROL NUMBER
- control field: 2109
003 - CONTROL NUMBER IDENTIFIER
- control field: NUST
005 - DATE AND TIME OF LATEST TRANSACTION
- control field: 20170607103231.0
008 - FIXED-LENGTH DATA ELEMENTS
- fixed length control field: 170607|| aca||aabn | a|a d
040 ## - CATALOGING SOURCE
- Original cataloging agency: NUST
- Transcribing agency: NUST
100 ## - HEADING--PERSONAL NAME
- Personal name: Schultz, John R.
670 ## - SOURCE DATA FOUND
- Source citation: Work cat.: (NUST)0: Schultz, John R., Geology in engineering, [1955]
